Seeds in droppings of tropical fruit - eating birds (Registro nro. 12798)

Detalles MARC
000 -CABECERA
Campo de control 005070000a22001570004500
090 ## - CLASIFICACIÓN LOCAL
Colección AR
Consecutivo 03762
041 0# - IDIOMA
Código de idioma para texto/pista de sonido o título separado
100 1# - ASIENTO PRINCIPAL--NOMBRE PERSONAL
Nombre personal Loiselle, Bette A.
245 10 - MENCION DE TITULO
Título Seeds in droppings of tropical fruit - eating birds
Version importance of considering seed composition
650 14 - ASIENTO SECUNDARIO DE MATERIA - TERMINO TEMATICO
Término temático o nombre geográfico como elemento de entrada Dispersión de semillas
650 14 - ASIENTO SECUNDARIO DE MATERIA - TERMINO TEMATICO
Término temático o nombre geográfico como elemento de entrada Frugivoría
650 14 - ASIENTO SECUNDARIO DE MATERIA - TERMINO TEMATICO
Término temático o nombre geográfico como elemento de entrada Regeneración natural
651 #4 - ASIENTO SECUNDARIO DE MATERIA - NOMBRE GEOGRAFICO
-- La Selva
-- Heredia
-- Costa Rica
773 1# - Item fuente:
Título Oecologia
Paginas del Articulo 494-500
Lugar, editorial y fecha de publicación 1990
Información sobre la relación 82
942 ## - ELEMENTOS ADICIONALES (KOHA)
Tipo de ítem Artículo
Existencias
Withdrawn status Lost status Damaged status No para préstamo Colección Ubicación Permanente Ubicación actual Fecha de adquisición Datos de publicación Seriada Total Checkouts Número topográfico Inventario / Código de Barras Date last seen Price effective from Forma de adquisición Tipo de material
      No para Préstamo Hemeroteca Bogotá Bogotá 27/02/2015 Fuera de circulación   AR 03762 014545 25/03/2015 25/03/2015   Artículo